<?xml version="1.0" encoding="UTF-8"?>
<collection xmlns="http://www.loc.gov/MARC21/slim">
<record>
  <controlfield tag="001">112153</controlfield>
  <controlfield tag="005">20220503133917.0</controlfield>
  <datafield tag="024" ind1="8" ind2=" ">
    <subfield code="2">sideral</subfield>
    <subfield code="a">125668</subfield>
  </datafield>
  <datafield tag="037" ind1=" " ind2=" ">
    <subfield code="a">ART-2016-125668</subfield>
  </datafield>
  <datafield tag="041" ind1=" " ind2=" ">
    <subfield code="a">spa</subfield>
  </datafield>
  <datafield tag="100" ind1=" " ind2=" ">
    <subfield code="a">González Fernández, Jorge</subfield>
  </datafield>
  <datafield tag="245" ind1=" " ind2=" ">
    <subfield code="a">Buenas prácticas en la valoración pericial de personas que sobreviven a la violencia sexual</subfield>
  </datafield>
  <datafield tag="260" ind1=" " ind2=" ">
    <subfield code="c">2016</subfield>
  </datafield>
  <datafield tag="520" ind1="3" ind2=" ">
    <subfield code="a">La violencia sexual, en cualquiera de sus formas, supone una de las más terribles experiencias vitales que puede padecer un ser humano. Provoca, junto con el daño físico, un sufrimiento psíquico derivado de la vulneración del bienestar, de la autonomía, de la privacidad y de la seguridad (1), constituyendo un problema complejo con aspectos médicos, psicológicos y legales (2). Se trata de una forma de violencia omnipresente, que se produce en todas las culturas, en todos los niveles de la sociedad y en todos los países del mundo. Cualquier persona puede experimentar un asalto sexual en cualquier momento de su vida, si bien está documentado y ampliamente aceptado que las víctimas más frecuentes son mujeres y que la mayoría de los perpetradores son hombres, que en las mujeres el riesgo de ser atacadas sexualmente se da tanto en la infancia como en la edad adulta, mientras que en los hombres la mayor prevalencia se da en la niñez, y que la mayoría de las víctimas conocen a su atacante (3) (4). Este último dato es de gran interés, ya que cuanto más cercana es su relación con la víctima, más difícil le resulta a esta hablar sobre el asalto (5) (...)</subfield>
  </datafield>
  <datafield tag="506" ind1="0" ind2=" ">
    <subfield code="a">Access copy available to the general public</subfield>
    <subfield code="f">Unrestricted</subfield>
  </datafield>
  <datafield tag="540" ind1=" " ind2=" ">
    <subfield code="9">info:eu-repo/semantics/openAccess</subfield>
    <subfield code="a">by-nc-nd</subfield>
    <subfield code="u">http://creativecommons.org/licenses/by-nc-nd/3.0/es/</subfield>
  </datafield>
  <datafield tag="655" ind1=" " ind2="4">
    <subfield code="a">info:eu-repo/semantics/article</subfield>
    <subfield code="v">info:eu-repo/semantics/publishedVersion</subfield>
  </datafield>
  <datafield tag="700" ind1=" " ind2=" ">
    <subfield code="a">Martínez Jarreta, María Begoña</subfield>
    <subfield code="u">Universidad de Zaragoza</subfield>
    <subfield code="0">(orcid)0000-0001-6469-9189</subfield>
  </datafield>
  <datafield tag="700" ind1=" " ind2=" ">
    <subfield code="a">Tenías Murillo, José María</subfield>
  </datafield>
  <datafield tag="710" ind1="2" ind2=" ">
    <subfield code="1">1000</subfield>
    <subfield code="2">613</subfield>
    <subfield code="a">Universidad de Zaragoza</subfield>
    <subfield code="b">Dpto. Anat.Pat.Med.Leg.For.To.</subfield>
    <subfield code="c">Area Medicina Legal y Forense</subfield>
  </datafield>
  <datafield tag="773" ind1=" " ind2=" ">
    <subfield code="g">13 (2016), 13-171</subfield>
    <subfield code="p">Cienc. forense</subfield>
    <subfield code="t">Ciencia Forense</subfield>
    <subfield code="x">1575-6793</subfield>
  </datafield>
  <datafield tag="856" ind1="4" ind2=" ">
    <subfield code="s">4453104</subfield>
    <subfield code="u">http://zaguan.unizar.es/record/112153/files/texto_completo.pdf</subfield>
    <subfield code="y">Versión publicada</subfield>
  </datafield>
  <datafield tag="856" ind1="4" ind2=" ">
    <subfield code="s">943416</subfield>
    <subfield code="u">http://zaguan.unizar.es/record/112153/files/texto_completo.jpg?subformat=icon</subfield>
    <subfield code="x">icon</subfield>
    <subfield code="y">Versión publicada</subfield>
  </datafield>
  <datafield tag="909" ind1="C" ind2="O">
    <subfield code="o">oai:zaguan.unizar.es:112153</subfield>
    <subfield code="p">articulos</subfield>
    <subfield code="p">driver</subfield>
  </datafield>
  <datafield tag="951" ind1=" " ind2=" ">
    <subfield code="a">2022-05-03-12:27:59</subfield>
  </datafield>
  <datafield tag="980" ind1=" " ind2=" ">
    <subfield code="a">ARTICLE</subfield>
  </datafield>
</record>
</collection>